000 00188 a2200097 4500
020 _a9780439405331
041 _aeng
100 _aGrace Maccarone
245 _aClifford is tops
942 _cK
999 _c27828
_d27828